000 00492nam a22001937a 4500
003 MPLRDC
005 20220104113754.0
008 210129b ||||| |||| 00| 0 eng d
020 _a957-05-0602-4
082 _a011.3 YWY
100 _a严文郁
245 _a中国书籍简史
_c
250 _a初版二刷
260 _a台湾
_b台湾商务印书馆股份有限公司
_c1995
300 _b302
490 _a新人人文库: 13
650 _a中国书籍史
942 _cBK
_o011.3 YWY
999 _c2233
_d2223